| 000 | 00000nam 2200000zi 4500 |
| 001 | 9.917789 |
| 003 | CaOODSP |
| 005 | 20250710092414 |
| 006 | m o d f |
| 007 | cr |n||||||||| |
| 008 | 221129e202212##oncdab ob f000 0 fre d |
| 020 | |a9780660464725 |
| 040 | |aCaOODSP|bfre|erda|cCaOODSP |
| 043 | |an-cn-qu|aln----- |
| 045 | |ax9y2 |
| 086 | 1 |aFs70-6/2022-053F-PDF |
| 245 | 00|aÉvaluation des stocks d'oursin vert dans l'estuaire et le nord du golfe du Saint-Laurent en 2021. |
| 264 | 1|aOttawa ON : |bSecrétariat canadien de consultation scientifique, |cdécembre 2022. |
| 264 | 4|c©2022 |
| 300 | |a1 ressource en ligne (23 pages) : |bcartes, graphiques, illustrations. |
| 336 | |atexte|btxt|2rdacontent/fre |
| 337 | |ainformatique|bc|2rdamedia/fre |
| 338 | |aressource en ligne|bcr|2rdacarrier/fre |
| 490 | 1 |aAvis scientifique, |x1919-5117 ; |v2022/053 |
| 500 | |aPublié aussi en anglais sous le titre : Assessment of the green sea urchin stocks in the estuary and northern Gulf of St. Lawrence in 2021. |
| 500 | |aTitre de départ. |
| 504 | |aComprend des références bibliographiques (page 22). |
| 650 | 6|aOursin vert|zQuébec (Province)|zSaint-Laurent, Estuaire du. |
| 650 | 6|aOursin vert|zSaint-Laurent, Golfe du. |
| 650 | 6|aOursin vert|xPêche commerciale|zQuébec (Province)|zSaint-Laurent, Estuaire du. |
| 650 | 6|aOursin vert|xPêche commerciale|zSaint-Laurent, Golfe du. |
| 650 | 6|aRessources halieutiques|xÉvaluation|zQuébec (Province)|zSaint-Laurent, Estuaire du. |
| 650 | 6|aRessources halieutiques|xÉvaluation|zSaint-Laurent, Golfe du. |
| 710 | 2 |aSecrétariat canadien de consultation scientifique, |eorganisme de publication. |
| 710 | 1 |aCanada. |bMinistère des pêches et des océans. |bRégion du Québec, |eorganisme des publication. |
| 775 | 08|tAssessment of the green sea urchin stocks in the estuary and northern Gulf of St. Lawrence in 2021.|w(CaOODSP)9.917788 |
| 830 | #0|aAvis scientifique (Secrétariat canadien de consultation scientifique)|v2022/053.|w(CaOODSP)9.502624 |
| 856 | 40|qPDF|s1.48 Mo|uhttps://publications.gc.ca/collections/collection_2023/mpo-dfo/fs70-6/Fs70-6-2022-053-fra.pdf |